Zvýšenie efektivity výroby prostredníctvom správnej alokácie pracovísk bakalárska práca

Enregistré dans:
Détails bibliographiques
Auteur principal: Šatková, Viera
Collectivité auteur: Fakulta podnikového manažmentu EU. Katedra manažmentu výroby a logistiky - zrušená
Autres auteurs: Biela, Alexandra
Format: Livre
Langue:slovaque
Publié: Bratislava 2023
Tags: Ajouter un tag
Pas de tags, Soyez le premier à ajouter un tag!

MARC

LEADER 00000nbm a2200000 4500
001 0293560
005 20240529104828.3
041 0 |a slo 
044 |a SK 
245 1 0 |a Zvýšenie efektivity výroby prostredníctvom správnej alokácie pracovísk  |b bakalárska práca  |c Viera Šatková ; školiteľ: Alexandra Biela 
264 1 |a Bratislava  |c 2023 
300 |a 55 s. 
100 1 |a Šatková, Viera 
700 1 |a Biela, Alexandra 
710 2 |a Fakulta podnikového manažmentu EU. Katedra manažmentu výroby a logistiky - zrušená